African Geography Tile Select - Statistics

General Stats
  • This quiz has been taken 1,000 times
  • The average score is 48 of 60
Answer Stats
Question Tile Select % Correct
capital cities in Africa Addis Ababa Yes
97%
landlocked countries Chad Yes
96%
capital cities in Africa Kinshasa Yes
96%
cities in Nigeria Lagos Yes
95%
landlocked countries Togo No
95%
capital cities in Africa Casablanca No
94%
landlocked countries Djibouti No
94%
countries with French as an official language Lesotho No
94%
landlocked countries Guinea-Bissau No
93%
capital cities in Africa Pretoria Yes
93%
cities in Nigeria Abuja Yes
92%
landlocked countries Cameroon No
92%
cities in Nigeria Cotonou No
91%
capital cities in Africa Douala No
91%
capital cities in Africa Kampala Yes
91%
landlocked countries Kenya No
91%
capital cities in Africa Timbuktu No
91%
capital cities in Africa Antananarivo Yes
90%
landlocked countries Burundi Yes
90%
landlocked countries Malawi Yes
90%
countries with French as an official language South Sudan No
90%
capital cities in Africa Lagos No
89%
landlocked countries Zimbabwe Yes
89%
capital cities in Africa Mombasa No
87%
countries with red on their flag Niger No
87%
countries with red on their flag Lesotho No
86%
countries with red on their flag Somalia No
86%
cities in Nigeria Bata No
85%
countries with French as an official language Eritrea No
85%
countries with red on their flag Gabon No
85%
landlocked countries Mauritania No
85%
countries with red on their flag Morocco Yes
85%
countries with red on their flag South Africa Yes
85%
countries with French as an official language Malawi No
84%
cities in Nigeria Touba No
84%
capital cities in Africa Dodoma Yes
81%
landlocked countries Ethiopia Yes
81%
cities in Nigeria Kumasi No
81%
countries with French as an official language Cameroon Yes
80%
countries with French as an official language Cape Verde No
80%
countries with French as an official language São Tomé and Principe No
80%
cities in Nigeria Douala No
79%
countries with red on their flag Egypt Yes
79%
countries with French as an official language Mali Yes
79%
capital cities in Africa Nouakchott Yes
79%
countries with red on their flag Angola Yes
76%
landlocked countries DR Congo No
76%
countries with French as an official language Central African Republic Yes
73%
cities in Nigeria Kano Yes
68%
countries with red on their flag Central African Republic Yes
66%
countries with red on their flag Seychelles Yes
66%
cities in Nigeria Ibadan Yes
59%
countries with red on their flag Libya Yes
57%
countries with red on their flag Algeria Yes
56%
countries with French as an official language Sierra Leone No
54%
cities in Nigeria Port Harcourt Yes
51%
cities in Nigeria Benin City Yes
50%
countries with French as an official language Seychelles Yes
49%
cities in Nigeria Aba Yes
42%
countries with French as an official language Mauritania No
34%
No matching quizzes found
Score Distribution
Percent of People with Each Score
Percentile by Number Answered
Your Score History
You have not taken this quiz